000 00370 a2200109 4500
001 ART_2486
005 20260410161726.0
008 260409a
245 1 0 _aMarco ambiental, planificación financiera y estructuras financieras eficientes
100 1 _aPascale, Ricardo
773 0 _tAdministración de empresas
_g- Año 4, Nº 48 (mar. 1974)
_wREV2036
999 _c17441
_d17441